Elementary mechanics of solids (Record no. 4447)

000 -LEADER
fixed length control field 00558nam a2200217 a 4500
001 - CONTROL NUMBER
control field 4447
003 - CONTROL NUMBER IDENTIFIER
control field BD-DhUET
008 - FIXED-LENGTH DATA ELEMENTS--GENERAL INFORMATION
fixed length control field 810420t19811980nyua b 001 0 eng
020 ## - INTERNATIONAL STANDARD BOOK NUMBER
International Standard Book Number 085226819X
040 ## - CATALOGING SOURCE
Original cataloging agency DLC
Transcribing agency DLC
Modifying agency BD-DhUET
082 ## - DEWEY DECIMAL CLASSIFICATION NUMBER
Classification number 531
Item number SIN/1980
100 ## - MAIN ENTRY--PERSONAL NAME
Personal name Singh, Pashupati Nath
245 10 - TITLE STATEMENT
Title Elementary mechanics of solids
250 ## - EDITION STATEMENT
Edition statement 1st ed.
260 ## - PUBLICATION, DISTRIBUTION, ETC. (IMPRINT)
Place of publication, distribution, etc. New Delhi
Name of publisher, distributor, etc. Wiley Eastern
Date of publication, distribution, etc. 1980
300 ## - PHYSICAL DESCRIPTION
Extent xvi, 616p.
Other physical details ill.
504 ## - BIBLIOGRAPHY, ETC. NOTE
Bibliography, etc Includes bibliographies
650 #0 - SUBJECT ADDED ENTRY--TOPICAL TERM
Topical term or geographic name as entry element Mechanics of solids
700 ## - ADDED ENTRY--PERSONAL NAME
Personal name Jha, Prem Kumar
942 ## - ADDED ENTRY ELEMENTS (KOHA)
Koha item type General Book
Holdings
Copy number Piece designation (barcode) Source of classification or shelving scheme Not for loan Sublocation or collection (holding branch) Koha item type Location (home branch) Shelving location Date acquired Koha date last seen Price effective from Damaged status Koha normalized classification for sorting Lost status Withdrawn status Koha full call number
159249  Central Library, BUETGeneral BookCentral Library, BUETCirculation section2014-11-162014-11-162014-11-16 531_000000000000000_SIN_1980  531/SIN/1980
259250  Central Library, BUETGeneral BookCentral Library, BUETCirculation section2015-03-102015-03-102015-03-10 531_000000000000000_SIN_1980  531/SIN/1980
359252  Central Library, BUETGeneral BookCentral Library, BUETCirculation section2015-03-102015-03-102015-03-10 531_000000000000000_SIN_1980  531/SIN/1980
459245  Central Library, BUETGeneral BookCentral Library, BUETCirculation section2015-03-102015-03-102015-03-10 531_000000000000000_SIN_1980  531/SIN/1980
559246  Central Library, BUETGeneral BookCentral Library, BUETCirculation section2015-03-102015-03-102015-03-10 531_000000000000000_SIN_1980  531/SIN/1980
6   Central Library, BUETGeneral BookCentral Library, BUET 2015-03-112015-03-112015-03-11 531_000000000000000_SIN_1980  531/SIN/1980
759248  Central Library, BUETGeneral BookCentral Library, BUETCirculation section2015-03-112015-03-112015-03-11 531_000000000000000_SIN_1980  531/SIN/1980
857348  Central Library, BUETGeneral BookCentral Library, BUETCirculation section2015-03-112015-03-112015-03-11 531_000000000000000_SIN_1980  531/SIN/1980
955367  Central Library, BUETGeneral BookCentral Library, BUETCirculation section2015-03-222016-03-272015-03-22 531_000000000000000_SIN_1980  531/SIN/1980
1059244  Central Library, BUETReading ItemCentral Library, BUETReading section2015-06-082015-06-082015-06-08 531_000000000000000_SIN_1980  531/SIN/1980
1159243  Central Library, BUETReading ItemCentral Library, BUETReading section2015-06-082015-06-082015-06-08 531_000000000000000_SIN_1980  531/SIN/1980